Obscure Answers Only! - Statistics

General Stats
  • This quiz has been taken 65 times
  • The average score is 4 of 15
Answer Stats
Quiz Answers % Correct
Countries of Europe Quiz Montenegro | San Marino | Moldova | Kosovo | Malta
79%
Countries of the World Quiz Nauru | São Tomé and Príncipe | Saint Vincent and the Grenadines | Comoros | Palau
75%
U.S. States Quiz Missouri | Massachusetts | Connecticut | Wisconsin | Vermont
70%
U.S. Presidents Quiz Rutherford B. Hayes | Chester A. Arthur | Franklin Pierce | Millard Fillmore | Warren Harding
58%
U.S. State Capitals Quiz Concord | Jefferson City | Montpelier | Charleston | Pierre
36%
English Monarchs Quiz Stephen | Anne | Richard | John | James
26%
Monarchies of the World Tonga | Lesotho | Cambodia | Malaysia | Eswatini
23%
NATO Neighbours Suriname | Brazil | Morocco | Ireland | Iran
21%
Official European Union Languages Maltese (malti) | Irish (Gaeilge) | Slovene (slovenščina) | Bulgarian (български) | Lithuanian (lietuvių kalba)
17%
Shakespeare's Plays Quiz Timon of Athens | Troilus and Cressida | Pericles | Measure for Measure | Cymbeline
13%
Champions League Winners Steaua Bucuresti | Feyenoord | Hamburg | Red Star Belgrade | Celtic
9%
Landlocked Countries Quiz Azerbaijan | Armenia | Ethiopia | Moldova | Malawi
8%
Megacities on a World Map Changsha | Hangzhou | Xiamen | Tainjin | Chongqing
8%
Elements of the Periodic Table Quiz Meitnerium | Roentgenium | Flerovium | Lutetium | Gadolinium
4%
Oscar Best Pictures Quiz Gentleman's Agreement | You Can't Take It with You | The Lost Weekend | The Life of Emile Zola | The Great Ziegfeld
2%
No matching quizzes found
Score Distribution
Percent of People with Each Score
Percentile by Number Answered
Your Score History
You have not taken this quiz